Précis de géographie urbaine
Salvato in:
| Autore principale: | |
|---|---|
| Natura: | Libro |
| Lingua: | francese |
| Pubblicazione: |
París
Presses Universitaires de France
1961
|
| Soggetti: | |
| Tags: |
Aggiungi Tag
Nessun Tag, puoi essere il primo ad aggiungerne!!
|
MARC
| LEADER | 00000nam a2200000 a 4500 | ||
|---|---|---|---|
| 001 | UCU1983 | ||
| 003 | CL-VaPUC | ||
| 008 | 960419e19610000FR |||||||||||||||||fre|d | ||
| 082 | 0 | 4 | |a 711.4 |b GEO |2 21 |
| 100 | |a George, Pierre |e author |9 341155 | ||
| 245 | 1 | 0 | |a Précis de géographie urbaine |
| 300 | |a 279 p | ||
| 942 | |c BK | ||
| 945 | |d 19960419 00:00:00 |a lriquelm | ||
| 260 | |a París |b Presses Universitaires de France |c 1961 | ||
| 650 | 0 | |a Geografía |9 259346 | |
| 650 | 0 | |a Geografía urbana |9 267904 | |
| 650 | 0 | |a Zonas rurales |9 317366 | |
| 650 | 0 | |a Ciudades |9 265474 | |
| 583 | |a last modification |c 19960419 00:00:00 |k Rodrigo Vera | ||
| 999 | |c 246395 |d 246393 | ||
| 952 | |0 0 |1 0 |4 0 |6 711_400000000000000_GEO_1961 |7 0 |8 A |9 261340 |a BIBING |b BIBING |d 2019-11-19 |i 2017334 |o 711.4 GEO 1961 |p 2017334 |r 2025-01-20 |w 2019-11-19 |y BK |k ING | ||